000 00540nam a2200181 i 4500
001 70830
003 ES-MaACL
005 20230906170933.0
007 t|
008 040803s1985 sp ||||1| spa d
020 _a84-398-4618-5
100 1 _aGarrido Troncoso, Víctor.
_955730
245 1 4 _aLas vicisitudes de un competidor /
_cVíctor Garrido Troncoso.
260 _aMadrid :
_b[s.n.,
_c1985] (
_eMóstoles :
_fGrefol)
300 _a87 p. ;
_c20 cm.
852 _aES-MaACL
_jL-10681
_bR.112210
852 _aES-MaACL
_jL-10682
_bR.112309
999 _c70830
_d70830